000 00814cam a22002531a 4500
001 5121
003 BD-RjUL
005 20211208234019.0
008 131224s1956 ilu 000 0 eng
035 _a(BD-RjUL)5157
040 _aDLC
_cDLC
_dBD-RjUL
_beng
041 _aeng
082 0 0 _a351.75
_bSHT 1956
100 1 _aShils, Edward
_d1910-1995.
_916126
245 1 4 _aThe torment of secrecy :
_bthe background and consequences of American security policies /
_cEdward A. Shils.
260 _aMelbouene ; London :
_bFree Press,
_c1956
300 _a238 p. ;
_c22 cm.
650 0 _aInternal security
_zUnited States.
_916127
650 0 _aCommunism
_zUnited States.
_910417
651 0 _aUnited States
_xPolitics and government
_y1933-1953.
_913841
942 _2ddc
_cBK
999 _c5121
_d5121